[Event "FRA-ch U20"]
[Site "Agen"]
[Date "2022.04.24"]
[Round "9"]
[White "Lucas, Arthur"]
[Black "Lahoche, Dorian"]
[Result "1/2-1/2"]
[WhiteElo "2318"]
[BlackElo "2046"]
[PlyCount "116"]
[EventDate "2022.04.16"]
[EventType "swiss"]
[EventRounds "9"]
[EventCountry "FRA"]
[SourceTitle "EXT 2023"]
[Source "ChessBase"]
[SourceDate "2022.10.05"]
[SourceVersion "1"]
[SourceVersionDate "2022.10.05"]
[SourceQuality "1"]

1. d4 Nf6 2. c4 g6 3. g3 Bg7 4. Bg2 0-0 5. Nc3 d6 6. Nf3 Nc6 7. 0-0 a6 8. b3 Rb8 9. d5 Na5 10. Bg5 c5 11. dxc6 Nxc6 12. Rc1 Be6 13. Ne1 h6 14. Bd2 Bf5 15. h3 Qd7 16. Kh2 Ne8 17. e4 Be6 18. f4 f5 19. exf5 gxf5 20. Nf3 Nf6 21. Nh4 d5 22. cxd5 Nxd5 23. Nxd5 Bxd5 24. Bc3 e6 25. Bxg7 Kxg7 26. g4 Rbd8 27. gxf5 exf5 28. Rg1 Kh7 29. Bxd5 Qxd5 30. Qh5 Qd2+ 31. Kh1 Qd5+ 32. Rg2 Rg8 33. Qxf5+ Qxf5 34. Nxf5 Rxg2 35. Kxg2 Rd2+ 36. Kf3 Kg6 37. Nh4+ Kf6 38. Rg1 Ne7 39. Rg2 Rd3+ 40. Kg4 Nd5 41. Rf2 Ne3+ 42. Kh5 Nf5 43. Nxf5 Kxf5 44. Kxh6 Rxh3+ 45. Kg7 Re3 46. Kf7 Re4 47. Kf8 Re6 48. Rf3 Re2 49. a4 b5 50. a5 Ra2 51. Ke7 Rxa5 52. Kd6 Ra3 53. Kc5 a5 54. Rd3 b4 55. Rf3 a4 56. Kxb4 Rxb3+ 57. Rxb3 axb3 58. Kxb3 Kxf4 1/2-1/2

[Event "EU-Cup Online Gr-C"]
[Site "Tornelo INT"]
[Date "2021.03.28"]
[Round "9.4"]
[White "Krejci, Jan1111"]
[Black "Lahoche, Dorian"]
[Result "1/2-1/2"]
[WhiteElo "2540"]
[BlackElo "2124"]
[PlyCount "106"]
[EventDate "2021.03.27"]
[EventType "team-tourn (rapid)"]
[EventRounds "9"]
[EventCountry "NET"]
[SourceTitle "CBM 201 Extra"]
[Source "ChessBase"]
[SourceDate "2021.05.31"]
[SourceVersion "1"]
[SourceVersionDate "2021.05.31"]
[SourceQuality "1"]
[WhiteTeam "Cesky Lev"]
[BlackTeam "Guingamp"]
[WhiteTeamCountry "CZE"]
[BlackTeamCountry "FRA"]

1. c4 e5 2. Nc3 Nf6 3. g3 g6 4. Bg2 Bg7 5. e4 Nc6 6. Nge2 0-0 7. d3 d6 8. h3 Be6 9. 0-0 Qd7 10. Kh2 Nd4 11. Nxd4 exd4 12. Ne2 c5 13. f4 Qc7 14. b4 Bd7 15. bxc5 dxc5 16. f5 Ne8 17. Bf4 Be5 18. Bh6 Bg7 19. Qd2 f6 20. Bxg7 Kxg7 21. fxg6 hxg6 22. Nf4 Qe5 23. Nd5 Bc6 24. Rf4 Nd6 25. Raf1 Bxd5 26. cxd5 b5 27. h4 c4 28. Bh3 c3 29. Qe2 a5 30. Be6 b4 31. Qg4 Qh5 32. Qh3 a4 33. Rg4 b3 34. Bf5 Nxf5 35. Rxf5 g5 36. e5 Kh6 37. exf6 c2 38. Rfxg5 c1Q 39. Rxh5+ Kxh5 40. Rg5+ Qxg5 41. hxg5+ Kxg5 42. Qh4+ Kg6 43. Qe4+ Kxf6 44. Qxd4+ Kg6 45. Qg4+ Kh6 46. axb3 a3 47. Qe6+ Kg7 48. Qe5+ Kg6 49. Qe4+ Kh6 50. Qh4+ Kg6 51. Qg4+ Kh6 52. Qh4+ Kg6 53. Qg4+ Kh6 1/2-1/2

[Event "EU-Cup Online Gr-C"]
[Site "Tornelo INT"]
[Date "2021.03.27"]
[Round "4.3"]
[White "Yagiz, Bora"]
[Black "Lahoche, Dorian"]
[Result "1-0"]
[WhiteElo "1877"]
[BlackElo "2124"]
[PlyCount "157"]
[EventDate "2021.03.27"]
[EventType "team-tourn (rapid)"]
[EventRounds "9"]
[EventCountry "NET"]
[SourceTitle "CBM 201 Extra"]
[Source "ChessBase"]
[SourceDate "2021.05.31"]
[SourceVersion "1"]
[SourceVersionDate "2021.05.31"]
[SourceQuality "1"]
[WhiteTeam "Zeitnot Express"]
[BlackTeam "Guingamp"]
[WhiteTeamCountry "TUR"]
[BlackTeamCountry "FRA"]

1. e4 e5 2. Nf3 Nc6 3. Bb5 a6 4. Bxc6 dxc6 5. 0-0 Bg4 6. h3 h5 7. d3 Qf6 8. Be3 Bxf3 9. Qxf3 Qxf3 10. gxf3 Bd6 11. Nd2 Ne7 12. Rfb1 0-0-0 13. Kf1 Rhg8 14. Ke2 c5 15. Rg1 Nc6 16. c3 Kd7 17. Rg2 g6 18. Rag1 Rde8 19. Nf1 Nd8 20. Nd2 Ne6 21. Nb3 Kc8 22. a4 Be7 23. Nd2 Rd8 24. Nc4 Bf6 25. a5 Rd7 26. Rd1 Rgd8 27. Rgg1 Kb8 28. Rd2 Ka7 29. b4 b5 30. axb6+ cxb6 31. bxc5 bxc5 32. Ra1 Rc8 33. Rda2 Rc6 34. Na3 Nc7 35. Nc4 Nb5 36. Bd2 Rb7 37. Ra5 Re6 38. Rc1 Bd8 39. Raa1 Nd6 40. Ne3 Rb2 41. Rc2 Rxc2 42. Nxc2 Nb5 43. Ne3 Bg5 44. Nc4 Bxd2 45. Kxd2 Re7 46. Ra5 g5 47. Ke3 f6 48. Kd2 Rd7 49. Ra1 h4 50. Kc2 Nd6 51. Ne3 Nb5 52. Nd5 Rd6 53. Ra5 Kb7 54. Kd2 Nc7 55. Ne3 Ne6 56. Nd5 Nf4 57. Nxf4 gxf4 58. Rxc5 Kb6 59. Rc4 Rd7 60. d4 a5 61. d5 Rf7 62. Kc2 f5 63. Kb3 fxe4 64. fxe4 Rg7 65. Rc6+ Kb7 66. Rh6 Rg2 67. Rxh4 Rxf2 68. Rh5 Rh2 69. Rxe5 Rxh3 70. Rf5 Rh4 71. e5 Kc7 72. c4 Rh3+ 73. Ka4 f3 74. Kxa5 Rh4 75. Rf7+ Kd8 76. Kb5 Re4 77. e6 Re3 78. Kc6 Ke8 79. Kd6 1-0

[Event "FRA-ch U16"]
[Site "Hyeres"]
[Date "2019.04.14"]
[Round "1"]
[White "Degraeve, Remy"]
[Black "Lahoche, Dorian"]
[Result "1-0"]
[WhiteElo "2312"]
[BlackElo "1973"]
[PlyCount "71"]
[EventDate "2019.04.14"]
[EventType "swiss"]
[EventRounds "9"]
[EventCountry "FRA"]
[SourceTitle "CBM 190 Extra"]
[Source "ChessBase"]
[SourceDate "2019.07.15"]
[SourceVersion "1"]
[SourceVersionDate "2019.07.15"]
[SourceQuality "1"]

1. d4 Nf6 2. c4 g6 3. g3 Bg7 4. Bg2 0-0 5. Nc3 d6 6. Nf3 Nc6 7. 0-0 Bd7 8. b3 Rb8 9. Bg5 h6 10. Bd2 a6 11. d5 Na5 12. Rc1 b5 13. Nxb5 Nxb3 14. Qxb3 axb5 15. Nd4 bxc4 16. Qxc4 Ra8 17. Rb1 Ra4 18. Rb4 Rxb4 19. Bxb4 Nxd5 20. Qxd5 c5 21. Bxc5 dxc5 22. Qxc5 e5 23. Nc6 Bxc6 24. Bxc6 Qd4 25. Qb5 Qa7 26. a4 Rb8 27. Qd3 Qa5 28. Rd1 Bf6 29. Qf3 Rd8 30. Rb1 Kg7 31. Kg2 Rc8 32. Rb7 Rc7 33. Rxc7 Qxc7 34. Qd5 Bd8 35. Be8 Bf6 36. a5 1-0

[Event "Riscle-B"]
[Site "Riscle"]
[Date "2017.08.07"]
[Round "2"]
[White "Tholey, Jean Paul"]
[Black "Lahoche, Dorian"]
[Result "1/2-1/2"]
[WhiteElo "1845"]
[BlackElo "1694"]
[PlyCount "118"]
[EventDate "2017.08.07"]
[EventType "tourn"]
[EventRounds "7"]
[EventCountry "FRA"]
[SourceTitle "EXT 2019"]
[Source "ChessBase"]
[SourceDate "2018.10.10"]
[SourceVersion "1"]
[SourceVersionDate "2018.10.10"]
[SourceQuality "1"]

1. d4 Nf6 2. c4 e6 3. Nc3 Bb4 4. Qc2 d5 5. cxd5 exd5 6. Bg5 c6 7. e3 Nbd7 8. Bd3 h6 9. Bh4 0-0 10. Nf3 Re8 11. 0-0 Bxc3 12. bxc3 Qc7 13. Bg3 Qd8 14. c4 Ne4 15. cxd5 Nxg3 16. hxg3 cxd5 17. Rfc1 Nf6 18. Qc7 b6 19. Ne5 Be6 20. Bb5 Qxc7 21. Rxc7 Rec8 22. Rac1 a6 23. Ba4 b5 24. Bb3 Kf8 25. f3 a5 26. a3 a4 27. Ba2 Rxc7 28. Rxc7 Rc8 29. Rxc8+ Bxc8 30. Kf2 Ke7 31. Ke2 Be6 32. Kd2 Kd6 33. Kc3 Nd7 34. Kb4 Nxe5 35. dxe5+ Kxe5 36. Kxb5 Bd7+ 37. Kc5 Be6 38. Bb1 Bd7 39. f4+ Ke6 40. Ba2 Kf5 41. Bxd5 Kg4 42. Bxf7 Kxg3 43. Bd5 Kf2 44. Kd4 g5 45. fxg5 hxg5 46. e4 Kxg2 47. e5+ Kf2 48. e6 Be8 49. Kc5 g4 50. Bc6 Bh5 51. Bxa4 g3 52. Bc6 Be8 53. e7 g2 54. Bxg2 Kxg2 55. Kb4 Kf3 56. a4 Ke4 57. a5 Kd5 58. a6 Kc6 59. Ka5 Kc7 1/2-1/2